| 000 | 00381nam a2200145Ia 4500 | ||
|---|---|---|---|
| 008 | 151213s9999 xx 000 0 und d | ||
| 100 | _aObaidul Haq Chowdhury | ||
| 245 |
_aState Acquisition & Tendency Act _cObaidul Haq Chowdhury |
||
| 260 |
_aDhaka _bLaw Report _c2001 |
||
| 300 | _a2089 p. | ||
| 650 | _aLaw | ||
| 650 | _aLaw | ||
| 700 | _aObaidul Haq Chowdhury | ||
| 999 |
_c1539 _d1539 |
||